| 000 | 00356nam a22001577a 4500 | ||
|---|---|---|---|
| 005 | 20160914172152.0 | ||
| 008 | 160914b xxu||||| |||| 00| 0 eng d | ||
| 020 | _a81-8282-555-0 | ||
| 041 | _aeng | ||
| 100 |
_aSharma,B K _93543 |
||
| 245 | _aIndustrial Chemistry | ||
| 260 |
_bGoel _c2014 |
||
| 300 | _a1664 | ||
| 650 |
_aEngineering _93544 |
||
| 942 | _cBK | ||
| 999 |
_c5236 _d5234 |
||